Administración moderna
| Main Author: | |
|---|---|
| Format: | Section = Libro |
| Language: | Undetermined Spanish |
| Published: |
México
Nueva Editorial Interamericana
1984
|
| Edition: | 2a ed |
| Subjects: |
| LEADER | 00590nam a2200241Ia 4500 | ||
|---|---|---|---|
| 008 | 240830s9999 xx 000 0 und d | ||
| 020 | |a 968-25-1024-4 | ||
| 040 | |a B-ESTELÍ- RUACS / 658 C418 | ||
| 041 | |a spa | ||
| 082 | |a 658 C418 | ||
| 100 | 1 | |a Certo, Samuel | |
| 245 | 1 | 0 | |a Administración moderna |
| 250 | |a 2a ed | ||
| 260 | |a México |b Nueva Editorial Interamericana |c 1984 | ||
| 300 | |a 628 p. | ||
| 650 | 7 | |a ADMINISTRACION | |
| 650 | 7 | |b PLANEACION | |
| 650 | 7 | |c ORGANIZACIÓN | |
| 650 | 7 | |d INFLUENCIA | |
| 650 | 7 | |e CONTROL | |
| 942 | |c BK |2 ddc | ||
| 991 | |a TEXTO | ||
| 999 | |c 11415 | ||